|
|
|
|
| LEADER |
00000naa2a2200000 4500 |
| 001 |
138633 |
| 005 |
20231031141516.0 |
| 035 |
|
|
|a (RuTPU)RU\TPU\book\150210
|
| 090 |
|
|
|a 138633
|
| 100 |
|
|
|a 20080528d2005 k y0rusy50 ca
|
| 101 |
0 |
|
|a rus
|
| 102 |
|
|
|a RU
|
| 200 |
1 |
|
|a Исследование цеолитсодержащего сырья для производства минеральных удобрений
|f М. В. Цурпал, О. Н. Мацишен
|g науч. рук. С. В. Эрдман
|
| 463 |
|
0 |
|0 (RuTPU)RU\TPU\book\118373
|t Химия и химическая технология в XXI веке
|o материалы VI Всероссийской студенческой научно-практической конференции, 11-12 мая 2005 г., Томск
|f Томский политехнический университет; под ред. А. А. Бакибаева
|v С. 95-97
|d 2005
|p 352 с.
|
| 610 |
1 |
|
|a минеральные удобрения
|
| 610 |
1 |
|
|a производство
|
| 610 |
1 |
|
|a цеолиты
|
| 610 |
1 |
|
|a цеолитсодержащее сырьё
|
| 610 |
1 |
|
|a водные алюмосиликаты
|
| 610 |
1 |
|
|a труды учёных ТПУ
|
| 700 |
|
1 |
|a Цурпал
|b М. В.
|
| 701 |
|
1 |
|a Мацишен
|b О. Н.
|
| 702 |
|
1 |
|a Эрдман
|b С. В.
|4 727
|
| 801 |
|
1 |
|a RU
|b 63413507
|c 20080528
|g PSBO
|
| 801 |
|
2 |
|a RU
|b 63413507
|c 20111220
|g RCR
|
| 942 |
|
|
|c BK
|